00454nam a2200181Ia 4500008004100000020001800041050001400059100002200073245002800095245005000123260001500173260001600188260000900204300001400213300002700227300001000254500000800264170918s9999 xx 000 0 und d a9780545425100 bY194 2011 aYamaguchi, Kristi aDream big little pig! / cKristi Yamaguchi ; illustrated by Tim Bowers. aNew York : bScholastic, c2011 aunpaged : bcolored illustration ; c24cm. a590